00563cam a2200145 4500008004100000035002000041050002000061110003200081245013000113260004900243300001800292500003100310504005000341650002600391150317n 000 0 eng u a(Sirsi) a188872 aTS 200 NEW 19761 aAmerican society for metals aNew trends in material processing: bpapers presented at a seminar of the American society for metals October 19 and 20, 1974 aOhio: bAmerican society for metals, c1976. a363p. :bill. aMaterial science symposium aIncludes bibliographical references and index aMetal-work-congresses